<?xml version="1.0" encoding="UTF-8"?>
<collection xmlns="http://www.loc.gov/MARC21/slim">
 <record>
  <leader>02014cam a2200481  a4500</leader>
  <controlfield tag="001">1464828512</controlfield>
  <controlfield tag="003">DE-627</controlfield>
  <controlfield tag="005">20220725142613.0</controlfield>
  <controlfield tag="007">tu</controlfield>
  <controlfield tag="008">131028m20152015xx |||||      00| ||fre c</controlfield>
  <datafield tag="016" ind1="7" ind2=" ">
   <subfield code="a">751147362</subfield>
   <subfield code="2">DE-101</subfield>
  </datafield>
  <datafield tag="020" ind1=" " ind2=" ">
   <subfield code="a">9782503543376</subfield>
   <subfield code="c">2 volumes</subfield>
   <subfield code="9">978-2-503-54337-6</subfield>
  </datafield>
  <datafield tag="020" ind1=" " ind2=" ">
   <subfield code="a">2503543375</subfield>
   <subfield code="9">2-503-54337-5</subfield>
  </datafield>
  <datafield tag="035" ind1=" " ind2=" ">
   <subfield code="a">(DE-627)1464828512</subfield>
  </datafield>
  <datafield tag="035" ind1=" " ind2=" ">
   <subfield code="a">(DE-576)394828518</subfield>
  </datafield>
  <datafield tag="035" ind1=" " ind2=" ">
   <subfield code="a">(DE-599)BVBBV041111037</subfield>
  </datafield>
  <datafield tag="035" ind1=" " ind2=" ">
   <subfield code="a">(OCoLC)862993795</subfield>
  </datafield>
  <datafield tag="040" ind1=" " ind2=" ">
   <subfield code="a">DE-627</subfield>
   <subfield code="b">ger</subfield>
   <subfield code="c">DE-627</subfield>
   <subfield code="e">rda</subfield>
  </datafield>
  <datafield tag="041" ind1=" " ind2=" ">
   <subfield code="a">fre</subfield>
  </datafield>
  <datafield tag="084" ind1=" " ind2=" ">
   <subfield code="a">9,10</subfield>
   <subfield code="2">ssgn</subfield>
  </datafield>
  <datafield tag="084" ind1=" " ind2=" ">
   <subfield code="a">LI 72150</subfield>
   <subfield code="2">rvk</subfield>
   <subfield code="0">(DE-625)rvk/96926:</subfield>
  </datafield>
  <datafield tag="100" ind1="1" ind2=" ">
   <subfield code="a">Reynolds, Joshua</subfield>
   <subfield code="d">1723-1792</subfield>
   <subfield code="e">VerfasserIn</subfield>
   <subfield code="0">(DE-588)118744771</subfield>
   <subfield code="0">(DE-627)133769283</subfield>
   <subfield code="0">(DE-576)162711638</subfield>
   <subfield code="4">aut</subfield>
  </datafield>
  <datafield tag="240" ind1="1" ind2="0">
   <subfield code="a">Werke</subfield>
  </datafield>
  <datafield tag="245" ind1="1" ind2="4">
   <subfield code="a">Les écrits de Sir Joshua Reynolds</subfield>
   <subfield code="c">Jan Blanc</subfield>
  </datafield>
  <datafield tag="246" ind1="3" ind2="3">
   <subfield code="a">Les écrits</subfield>
  </datafield>
  <datafield tag="264" ind1=" " ind2="1">
   <subfield code="a">Turnhout</subfield>
   <subfield code="b">Brepols</subfield>
   <subfield code="c">[2015]</subfield>
  </datafield>
  <datafield tag="336" ind1=" " ind2=" ">
   <subfield code="a">Text</subfield>
   <subfield code="b">txt</subfield>
   <subfield code="2">rdacontent</subfield>
  </datafield>
  <datafield tag="337" ind1=" " ind2=" ">
   <subfield code="a">ohne Hilfsmittel zu benutzen</subfield>
   <subfield code="b">n</subfield>
   <subfield code="2">rdamedia</subfield>
  </datafield>
  <datafield tag="338" ind1=" " ind2=" ">
   <subfield code="a">Band</subfield>
   <subfield code="b">nc</subfield>
   <subfield code="2">rdacarrier</subfield>
  </datafield>
  <datafield tag="490" ind1="0" ind2=" ">
   <subfield code="a">Collection Théorie de l'art/art theory (1400 - 1800)</subfield>
  </datafield>
  <datafield tag="689" ind1="0" ind2="0">
   <subfield code="d">p</subfield>
   <subfield code="0">(DE-588)118744771</subfield>
   <subfield code="0">(DE-627)133769283</subfield>
   <subfield code="0">(DE-576)162711638</subfield>
   <subfield code="a">Reynolds, Joshua</subfield>
   <subfield code="d">1723-1792</subfield>
   <subfield code="2">gnd</subfield>
  </datafield>
  <datafield tag="689" ind1="0" ind2="1">
   <subfield code="d">s</subfield>
   <subfield code="0">(DE-588)4255550-4</subfield>
   <subfield code="0">(DE-627)104416475</subfield>
   <subfield code="0">(DE-576)210548339</subfield>
   <subfield code="a">Schrifttum</subfield>
   <subfield code="2">gnd</subfield>
  </datafield>
  <datafield tag="689" ind1="0" ind2="2">
   <subfield code="d">s</subfield>
   <subfield code="0">(DE-588)4000626-8</subfield>
   <subfield code="0">(DE-627)106400541</subfield>
   <subfield code="0">(DE-576)208838821</subfield>
   <subfield code="a">Ästhetik</subfield>
   <subfield code="2">gnd</subfield>
  </datafield>
  <datafield tag="689" ind1="0" ind2=" ">
   <subfield code="5">(DE-627)</subfield>
  </datafield>
  <datafield tag="700" ind1="1" ind2=" ">
   <subfield code="a">Blanc, Jan</subfield>
   <subfield code="d">1975-</subfield>
   <subfield code="e">HerausgeberIn</subfield>
   <subfield code="0">(DE-588)133934888</subfield>
   <subfield code="0">(DE-627)558741509</subfield>
   <subfield code="0">(DE-576)300202407</subfield>
   <subfield code="4">edt</subfield>
  </datafield>
  <datafield tag="787" ind1="0" ind2="8">
   <subfield code="i">Rezensiert in</subfield>
   <subfield code="a">Henry, Christophe, 1970 - </subfield>
   <subfield code="t">[Rezension von: Jan Blanc, Sir Joshua Reynolds: Propos sur l'art]</subfield>
   <subfield code="d">2017</subfield>
   <subfield code="w">(DE-627)1811490786</subfield>
  </datafield>
  <datafield tag="936" ind1="r" ind2="v">
   <subfield code="a">LI 72150</subfield>
   <subfield code="b">Reynolds, Joshua</subfield>
   <subfield code="k">Künstler-Monografien</subfield>
   <subfield code="k">Alphabetische Künstlerliste</subfield>
   <subfield code="k">Künstler R</subfield>
   <subfield code="k">Reynolds, Joshua</subfield>
   <subfield code="0">(DE-627)1270703900</subfield>
   <subfield code="0">(DE-625)rvk/96926:</subfield>
   <subfield code="0">(DE-576)200703900</subfield>
  </datafield>
  <datafield tag="951" ind1=" " ind2=" ">
   <subfield code="a">MC</subfield>
  </datafield>
  <datafield tag="990" ind1=" " ind2=" ">
   <subfield code="a">Reynolds, Joshua</subfield>
  </datafield>
  <datafield tag="990" ind1=" " ind2=" ">
   <subfield code="a">Schrifttum</subfield>
  </datafield>
  <datafield tag="990" ind1=" " ind2=" ">
   <subfield code="a">Ästhetik</subfield>
  </datafield>
  <datafield tag="991" ind1=" " ind2=" ">
   <subfield code="a">Rezensiertes Werk</subfield>
  </datafield>
  <datafield tag="999" ind1=" " ind2=" ">
   <subfield code="a">KXP-PPN1464828512</subfield>
   <subfield code="e">4172866956</subfield>
  </datafield>
 </record>
</collection>
